000 00308nam a2200133Ia 4500
008 230524s9999 xx 000 0 und d
020 _a0198065442
100 _aReema Thareja
245 0 _aData Structures Using C
260 _bOxford
500 _aQuantity Number: 20
650 _aComp-Sc
942 _cBK
999 _c51344
_d51344